1377 1332 1409 1710 1166 1853 1334 1879 1288 1748 1007 1481 1145 1002 1247 1612 1498 1690 1624 1273 1266 1809 1054 1979 1133 1037 1770 1207 1693 1458 1916 1564 1013 1321 1653 1427 1720 1519 1923 1118 1225 1196 1674 1911 1613 1308 1437 1943 1126 1087 1859 1699 1750 1353 1716 1728 1627 1936 1327 1669 1214 1469 1849 1101 1676 1755 1704 1112 1671 1125 1937 1328 1777 1865 1109 1044 1510 1976 1925 1334 1266 1134 1542 1423 1713 1600 1401 1214 1191 1282 1613 1625 1839 1481 1678 1364 1904 1915 1746 BCNSPRNW ULIB Ver.6.0+V

เปลี่ยนเป็นภาษาไทย

Change to English
 แสดงรายละเอียดบรรณานุกรม
  กลับหน้าหลัก

Brief Record : Get Marc (ISO 2709) : E-mail record : QR code < ปิดหน้าต่าง
LEADER : 00000nam 2200000uu 4500
001    13399127469
003     ULIB
008    200604s2017||||th 000 0 tha d
020    ^a9781520673936 (pbk.)
050  4 ^aPE1128^bE48TG
100 1  ^aElmetaher, Hosam
245 10 ^aTOEFL ITP test.^pGrammar /^cHosam Elmetaher
260    ^a[Great Britain :^bHosam Elmetaher],^c2017
300    ^av, 95 p. ;^c28 cm.
650  0 ^aTest of English as a Foreign Language^vStudy guides
650  0 ^aEnglish language^vTextbooks for foreign speakers
650  0 ^aEnglish language^xGrammar
650  0 ^aEnglish language^xExaminations
653    ^aTOEFL
945    ^p0^l0^i28376
999    ^aกัณชพร จุลอักษร
รายการนี้ยังไม่มีแท็ก
คุณยังไม่ได้ล็อกอิน คุณสามารถมีกิจกรรมร่วมกับเว็บไซต์ได้ แต่ต้องล็อกอินก่อน ::
  ล็อกอิน

รายการสื่อสารสนเทศ

ลำดับที่ ประเภท เลขเรียก/บาร์โค้ด สถานที่ สถานะ
1. หนังสือสำรอง
หนังสือสำรอง
PE1128 E48TG ฉ.1 
  Barcode: 28376
ห้องสมุดวิทยาเขตนครสวรรค์
►หนังสือทั่วไป:l:General Books
บนชั้น

รายการใกล้เคียง
    ผู้แต่ง [Elmetaher, Hosam]

    หัวเรื่อง [English language Grammar]

BibComment


ยังไม่เคยถูกคอมเมนท์

คอมเมนท์ทรัพยากรรายการนี้
  คอมเมนท์: TOEFL ITP test G..


 Copyright 2026. Bcnsprnw @Library